Normal view
MARC view
- الشرباصي،أحمد
Entry Personal Name
001 - CONTROL NUMBER
- control field: 10514
003 - CONTROL NUMBER IDENTIFIER
- control field: JO-AjAnu
005 - DATE AND TIME OF LATEST TRANSACTION
- control field: 20230606072004.0
008 - FIXED-LENGTH DATA ELEMENTS
- fixed length control field: 230606|| aca||aabn | a|a d
040 ## - CATALOGING SOURCE
- Original cataloging agency: JO-AjAnu
- Transcribing agency: JO-AjAnu
100 ## - HEADING--PERSONAL NAME
- Personal name: الشرباصي،أحمد
670 ## - SOURCE DATA FOUND
- Source citation: Work cat.: (JO-AjAnu)5412: الشرباصي،أحمد, author, الأئمة الأربعة :أبو حنيفة-مالك بن أنس-الشافعي-أحمد بن حنبل